[Event "Bundesliga 9899"]
[Site "Deutschland"]
[Date "1998.11.22"]
[Round "4.8"]
[White "Gross, David2"]
[Black "Loeffler, Stefan"]
[Result "1/2-1/2"]
[WhiteElo "2305"]
[BlackElo "2405"]
[PlyCount "50"]
[EventDate "1998.10.17"]
[EventType "team"]
[EventRounds "15"]
[EventCountry "GER"]
[SourceTitle "Bundesliga 9899"]
[Source "DeepChess"]
[SourceDate "2005.01.01"]
[SourceVersion "1"]
[SourceVersionDate "2005.01.01"]
[SourceQuality "1"]
[WhiteTeam "SK Passau 1869"]
[BlackTeam "Hamburger SK 1830 e.V."]
[WhiteTeamCountry "GER"]
[BlackTeamCountry "GER"]

1. e4 e5 2. Nf3 d6 3. d4 exd4 4. Nxd4 Nf6 5. Nc3 Be7 6. Be2 O-O 7. O-O c5 8.
Nf5 Nxe4 9. Nxe7+ Qxe7 10. Nd5 Qd8 11. Bf4 Nc6 12. Bd3 f5 13. f3 Nf6 14. Bc4
Be6 15. Re1 Bf7 16. Bg5 Kh8 17. Bxf6 gxf6 18. Qd2 Rg8 19. Kh1 Rg7 20. Rad1 Ne5
21. Bf1 Bxd5 22. Qxd5 Qb6 23. Qxd6 Qxb2 24. Qxf6 Nd3 25. Qxb2 Nf2+ 1/2-1/2

[Event "Bundesliga 9899"]
[Site "Deutschland"]
[Date "1998.11.22"]
[Round "4.1"]
[White "Hracek, Zbynek"]
[Black "Epishin, Vladimir"]
[Result "0-1"]
[WhiteElo "2610"]
[BlackElo "2590"]
[PlyCount "66"]
[EventDate "1998.10.17"]
[EventType "team"]
[EventRounds "15"]
[EventCountry "GER"]
[SourceTitle "Bundesliga 9899"]
[Source "DeepChess"]
[SourceDate "2005.01.01"]
[SourceVersion "1"]
[SourceVersionDate "2005.01.01"]
[SourceQuality "1"]
[WhiteTeam "SAbt SV Werder Bremen"]
[BlackTeam "PSV Turm Duisburg 1920 e.V."]
[WhiteTeamCountry "GER"]
[BlackTeamCountry "GER"]

1. e4 c6 2. d4 d5 3. Nd2 dxe4 4. Nxe4 Bf5 5. Ng3 Bg6 6. h4 h6 7. Nf3 Nf6 8. h5
Bh7 9. Bd3 Bxd3 10. Qxd3 e6 11. Bd2 Be7 12. O-O-O O-O 13. Qe2 c5 14. dxc5 Qc7
15. Ne5 Rd8 16. Bc3 Nc6 17. Nxc6 Qxc6 18. Bxf6 Bxf6 19. Ne4 Be7 20. b4 Rd5 21.
Qc4 b5 22. Qe2 Re5 23. f3 f5 24. c4 bxc4 25. Qb2 Rd5 26. b5 Qc7 27. Rxd5 exd5
28. Qd4 dxe4 29. Qd5+ Kh7 30. Qxa8 Qe5 31. Qc8 Qc3+ 32. Kd1 Qd3+ 33. Ke1 Qe3+
0-1

[Event "Bundesliga 9899"]
[Site "Deutschland"]
[Date "1998.11.22"]
[Round "4.2"]
[White "Lerner, Konstantin Z"]
[Black "Kindermann, Stefan"]
[Result "1-0"]
[WhiteElo "2575"]
[BlackElo "2565"]
[PlyCount "99"]
[EventDate "1998.10.17"]
[EventType "team"]
[EventRounds "15"]
[EventCountry "GER"]
[SourceTitle "Bundesliga 9899"]
[Source "DeepChess"]
[SourceDate "2005.01.01"]
[SourceVersion "1"]
[SourceVersionDate "2005.01.01"]
[SourceQuality "1"]
[WhiteTeam "PSV Turm Duisburg 1920 e.V."]
[BlackTeam "SAbt SV Werder Bremen"]
[WhiteTeamCountry "GER"]
[BlackTeamCountry "GER"]

1. d4 g6 2. e4 Bg7 3. Nf3 d6 4. h3 Nf6 5. Nc3 O-O 6. Be3 a6 7. Bd3 b5 8. a4 Bb7
9. Nd2 Nc6 10. axb5 Nb4 11. bxa6 Nxd3+ 12. cxd3 Bxa6 13. Nf3 Qb8 14. Qd2 Nd7
15. O-O c5 16. b4 cxb4 17. Nd5 e6 18. Nxb4 Bb7 19. Rab1 Qd8 20. Rfc1 Rc8 21.
Rxc8 Qxc8 22. Bh6 Qc7 23. Bxg7 Kxg7 24. d5 exd5 25. exd5 Nf6 26. Qb2 Rc8 27.
Ng5 Qc3 28. Qxc3 Rxc3 29. Ne4 Rc7 30. Nxd6 Rd7 31. Nc4 Bxd5 32. Nxd5 Nxd5 33.
Ne5 Re7 34. Nf3 Nf4 35. Rd1 Kf6 36. h4 Re2 37. Kf1 Ra2 38. g3 Nd5 39. Rd2 Ra1+
40. Kg2 h6 41. Rb2 Ra3 42. d4 Kf5 43. Re2 f6 44. h5 g5 45. Nh2 Rd3 46. f3 Rxd4
47. Re1 Nc3 48. Kh3 Rd1 49. Re3 Rc1 50. Ng4 1-0

[Event "Bundesliga 9899"]
[Site "Deutschland"]
[Date "1998.11.22"]
[Round "4.3"]
[White "Knaak, Rainer"]
[Black "Thesing, Matthias"]
[Result "1-0"]
[WhiteElo "2555"]
[BlackElo "2435"]
[PlyCount "35"]
[EventDate "1998.10.17"]
[EventType "team"]
[EventRounds "15"]
[EventCountry "GER"]
[SourceTitle "Bundesliga 9899"]
[Source "DeepChess"]
[SourceDate "2005.01.01"]
[SourceVersion "1"]
[SourceVersionDate "2005.01.01"]
[SourceQuality "1"]
[WhiteTeam "SAbt SV Werder Bremen"]
[BlackTeam "PSV Turm Duisburg 1920 e.V."]
[WhiteTeamCountry "GER"]
[BlackTeamCountry "GER"]

1. d4 d5 2. c4 c6 3. Nf3 Nf6 4. Nc3 e6 5. Bg5 dxc4 6. e4 b5 7. a4 Bb4 8. e5 h6
9. exf6 hxg5 10. fxg7 Rg8 11. h4 g4 12. Ne5 Rxg7 13. h5 c5 14. h6 Rh7 15. Qxg4
Qxd4 16. Qg8+ Ke7 17. Ng6+ Kf6 18. Rh3 1-0

[Event "Bundesliga 9899"]
[Site "Deutschland"]
[Date "1998.11.22"]
[Round "4.4"]
[White "Volke, Karsten"]
[Black "Babula, Vlastimil"]
[Result "1/2-1/2"]
[WhiteElo "2460"]
[BlackElo "2555"]
[PlyCount "56"]
[EventDate "1998.10.17"]
[EventType "team"]
[EventRounds "15"]
[EventCountry "GER"]
[SourceTitle "Bundesliga 9899"]
[Source "DeepChess"]
[SourceDate "2005.01.01"]
[SourceVersion "1"]
[SourceVersionDate "2005.01.01"]
[SourceQuality "1"]
[WhiteTeam "PSV Turm Duisburg 1920 e.V."]
[BlackTeam "SAbt SV Werder Bremen"]
[WhiteTeamCountry "GER"]
[BlackTeamCountry "GER"]

1. e4 c5 2. Nf3 Nc6 3. d4 cxd4 4. Nxd4 Nf6 5. Nc3 e5 6. Ndb5 d6 7. Bg5 a6 8.
Bxf6 gxf6 9. Na3 f5 10. exf5 Bxf5 11. Nc4 Be6 12. Ne3 Bh6 13. Ncd5 Bxe3 14.
Nxe3 d5 15. Be2 O-O 16. O-O f5 17. c3 f4 18. Bg4 Bf7 19. Nc2 Qg5 20. Bh3 Kh8
21. f3 Rg8 22. Qd2 Qf6 23. Ne1 Rg5 24. Nd3 Rag8 25. Rf2 Be6 26. Bxe6 Qxe6 27.
Re1 Qh6 28. Kh1 Rh5 1/2-1/2

[Event "Bundesliga 9899"]
[Site "Deutschland"]
[Date "1998.11.22"]
[Round "4.5"]
[White "Meins, Gerlef"]
[Black "Kraut, Rainer"]
[Result "1/2-1/2"]
[WhiteElo "2450"]
[BlackElo "2470"]
[PlyCount "25"]
[EventDate "1998.10.17"]
[EventType "team"]
[EventRounds "15"]
[EventCountry "GER"]
[SourceTitle "Bundesliga 9899"]
[Source "DeepChess"]
[SourceDate "2005.01.01"]
[SourceVersion "1"]
[SourceVersionDate "2005.01.01"]
[SourceQuality "1"]
[WhiteTeam "SAbt SV Werder Bremen"]
[BlackTeam "PSV Turm Duisburg 1920 e.V."]
[WhiteTeamCountry "GER"]
[BlackTeamCountry "GER"]

1. d4 d5 2. c4 dxc4 3. Nf3 Nf6 4. e3 Bg4 5. Bxc4 e6 6. h3 Bh5 7. Nc3 a6 8. O-O
Nc6 9. a3 Bd6 10. b4 O-O 11. Bb2 Qe7 12. Be2 Rfd8 13. Nd2 1/2-1/2

[Event "Bundesliga 9899"]
[Site "Deutschland"]
[Date "1998.11.22"]
[Round "4.6"]
[White "Zude, Arno"]
[Black "Heissler, Jakob"]
[Result "1/2-1/2"]
[WhiteElo "2390"]
[BlackElo "2435"]
[PlyCount "55"]
[EventDate "1998.10.17"]
[EventType "team"]
[EventRounds "15"]
[EventCountry "GER"]
[SourceTitle "Bundesliga 9899"]
[Source "DeepChess"]
[SourceDate "2005.01.01"]
[SourceVersion "1"]
[SourceVersionDate "2005.01.01"]
[SourceQuality "1"]
[WhiteTeam "PSV Turm Duisburg 1920 e.V."]
[BlackTeam "SAbt SV Werder Bremen"]
[WhiteTeamCountry "GER"]
[BlackTeamCountry "GER"]

1. e4 c5 2. Nf3 e6 3. d4 cxd4 4. Nxd4 Nc6 5. Nb5 d6 6. c4 Nf6 7. N1c3 a6 8. Na3
Be7 9. Be2 O-O 10. O-O b6 11. Be3 Bb7 12. Qb3 Nd7 13. Rfd1 Nc5 14. Qc2 Bf6 15.
Rac1 Bxc3 16. Qxc3 Nxe4 17. Qd3 Nb4 18. Qd4 Nc5 19. Qxd6 Nxa2 20. Rc2 Nb4 21.
Rcd2 Qxd6 22. Rxd6 Bc6 23. Bd2 a5 24. Bxb4 axb4 25. Rxc6 bxa3 26. bxa3 Rxa3 27.
Rxb6 g6 28. Bf1 1/2-1/2

[Event "Bundesliga 9899"]
[Site "Deutschland"]
[Date "1998.11.22"]
[Round "4.7"]
[White "Kachiani Gersinska, Ketino"]
[Black "Schmitz, Joachim"]
[Result "1/2-1/2"]
[WhiteElo "2435"]
[BlackElo "2310"]
[PlyCount "68"]
[EventDate "1998.10.17"]
[EventType "team"]
[EventRounds "15"]
[EventCountry "GER"]
[SourceTitle "Bundesliga 9899"]
[Source "DeepChess"]
[SourceDate "2005.01.01"]
[SourceVersion "1"]
[SourceVersionDate "2005.01.01"]
[SourceQuality "1"]
[WhiteTeam "SAbt SV Werder Bremen"]
[BlackTeam "PSV Turm Duisburg 1920 e.V."]
[WhiteTeamCountry "GER"]
[BlackTeamCountry "GER"]

1. d4 d5 2. c4 c6 3. Nf3 Nf6 4. Nc3 dxc4 5. a4 Bf5 6. e3 e6 7. Bxc4 Bb4 8. O-O
O-O 9. Nh4 Nbd7 10. Nxf5 exf5 11. Qc2 g6 12. b3 a5 13. Bb2 Nb6 14. Rfd1 Nbd5
15. g3 Re8 16. Bf1 h5 17. Bg2 h4 18. Rac1 hxg3 19. hxg3 Qd7 20. Nxd5 Nxd5 21.
Qc4 Nb6 22. Qf1 Nd5 23. Bxd5 cxd5 24. Rc2 Rac8 25. Rxc8 Rxc8 26. Rc1 Rxc1 27.
Qxc1 b5 28. axb5 Qxb5 29. Qc8+ Kg7 30. Bc3 Qd3 31. Bxb4 axb4 32. Qe8 Qxb3 33.
Qe5+ Kh7 34. Qe7 Kg7 1/2-1/2

[Event "Bundesliga 9899"]
[Site "Deutschland"]
[Date "1998.11.22"]
[Round "4.8"]
[White "Kummerow, Heiko"]
[Black "Hedke, Fred"]
[Result "1/2-1/2"]
[WhiteElo "2280"]
[BlackElo "2335"]
[PlyCount "99"]
[EventDate "1998.10.17"]
[EventType "team"]
[EventRounds "15"]
[EventCountry "GER"]
[SourceTitle "Bundesliga 9899"]
[Source "DeepChess"]
[SourceDate "2005.01.01"]
[SourceVersion "1"]
[SourceVersionDate "2005.01.01"]
[SourceQuality "1"]
[WhiteTeam "PSV Turm Duisburg 1920 e.V."]
[BlackTeam "SAbt SV Werder Bremen"]
[WhiteTeamCountry "GER"]
[BlackTeamCountry "GER"]

1. e4 e5 2. Nf3 Nc6 3. d4 exd4 4. Nxd4 d6 5. Nc3 Nf6 6. Bb5 Bd7 7. O-O Be7 8.
Bg5 O-O 9. Bxc6 bxc6 10. Qd3 Rb8 11. b3 h6 12. Bh4 Re8 13. Rfe1 Ng4 14. Bxe7
Qxe7 15. Qd2 Qf6 16. f4 Qg6 17. Nf3 Rbd8 18. Rad1 Nf6 19. f5 Qh5 20. h3 Nh7 21.
Qf2 a5 22. Qa7 Ng5 23. Nxg5 Qxg5 24. Qxc7 Qg3 25. Qxa5 Ra8 26. Qb4 Bxf5 27. Re2
c5 28. Qc4 Bg6 29. Rde1 Kh7 30. a4 Re5 31. Re3 Qh4 32. Nd5 Rae8 33. Nc3 d5 34.
Nxd5 Rxe4 35. Rxe4 Bxe4 36. Re2 f5 37. Nc3 Qe7 38. Nxe4 fxe4 39. a5 e3 40. a6
Kh8 41. Qf4 Kg8 42. c3 Kh8 43. Qf3 Kg8 44. Kh1 Kh8 45. b4 cxb4 46. cxb4 Qe5 47.
b5 Qa1+ 48. Kh2 Qe5+ 49. Kg1 Qxb5 50. a7 1/2-1/2

[Event "Bundesliga 9899"]
[Site "Deutschland"]
[Date "1998.11.22"]
[Round "4.2"]
[White "Luther, Thomas"]
[Black "Rausis, Igors"]
[Result "0-1"]
[WhiteElo "2510"]
[BlackElo "2520"]
[PlyCount "56"]
[EventDate "1998.10.17"]
[EventType "team"]
[EventRounds "15"]
[EventCountry "GER"]
[SourceTitle "Bundesliga 9899"]
[Source "DeepChess"]
[SourceDate "2005.01.01"]
[SourceVersion "1"]
[SourceVersionDate "2005.01.01"]
[SourceQuality "1"]
[WhiteTeam "SF Neukoelln 03 e.V."]
[BlackTeam "SK Viernheim"]
[WhiteTeamCountry "GER"]
[BlackTeamCountry "GER"]

1. e4 c6 2. d4 d5 3. Nd2 dxe4 4. Nxe4 Bf5 5. Ng3 Bg6 6. h4 h6 7. Nf3 Nf6 8. h5
Bh7 9. Bd3 Bxd3 10. Qxd3 e6 11. Bd2 Be7 12. O-O-O O-O 13. Kb1 c5 14. Be3 Nbd7
15. Ne4 Qc7 16. dxc5 Rfd8 17. Nxf6+ Nxf6 18. Qc4 Nd5 19. Bd4 b5 20. Qxb5 Rab8
21. Qe2 Bxc5 22. Ka1 Bxd4 23. Rxd4 Rxb2 24. Rxd5 Rdb8 25. Rd3 Rxc2 26. Qd1 Qc4
27. Rd8+ Rxd8 28. Qxd8+ Kh7 0-1

[Event "Bundesliga 9899"]
[Site "Deutschland"]
[Date "1998.11.22"]
[Round "4.3"]
[White "Beikert, Guenther"]
[Black "Stohl, Igor"]
[Result "1/2-1/2"]
[WhiteElo "2495"]
[BlackElo "2550"]
[PlyCount "61"]
[EventDate "1998.10.17"]
[EventType "team"]
[EventRounds "15"]
[EventCountry "GER"]
[SourceTitle "Bundesliga 9899"]
[Source "DeepChess"]
[SourceDate "2005.01.01"]
[SourceVersion "1"]
[SourceVersionDate "2005.01.01"]
[SourceQuality "1"]
[WhiteTeam "SK Viernheim"]
[BlackTeam "SF Neukoelln 03 e.V."]
[WhiteTeamCountry "GER"]
[BlackTeamCountry "GER"]

1. e4 c5 2. c3 Nf6 3. e5 Nd5 4. d4 cxd4 5. Nf3 e6 6. cxd4 d6 7. Bd3 Nb4 8. Bb5+
Bd7 9. Be2 Bc6 10. O-O Nd7 11. exd6 Bxd6 12. Nbd2 O-O 13. Nc4 Bc7 14. Bg5 f6
15. Bh4 Nd5 16. Bg3 Nf4 17. Bxf4 Bxf4 18. Re1 Re8 19. Ne3 Nb6 20. Qb3 Rc8 21.
Bb5 Bxe3 22. fxe3 Bxb5 23. Qxb5 Qd5 24. a4 Nc4 25. e4 Qxb5 26. axb5 Ra8 27. e5
Nxb2 28. Rec1 a6 29. bxa6 Rxa6 30. Rab1 Rb6 31. Rc2 1/2-1/2

[Event "Bundesliga 9899"]
[Site "Deutschland"]
[Date "1998.11.22"]
[Round "4.4"]
[White "Berndt, Stephan"]
[Black "Kraai, Jesse"]
[Result "1/2-1/2"]
[WhiteElo "2380"]
[BlackElo "2345"]
[PlyCount "40"]
[EventDate "1998.10.17"]
[EventType "team"]
[EventRounds "15"]
[EventCountry "GER"]
[SourceTitle "Bundesliga 9899"]
[Source "DeepChess"]
[SourceDate "2005.01.01"]
[SourceVersion "1"]
[SourceVersionDate "2005.01.01"]
[SourceQuality "1"]
[WhiteTeam "SF Neukoelln 03 e.V."]
[BlackTeam "SK Viernheim"]
[WhiteTeamCountry "GER"]
[BlackTeamCountry "GER"]

1. e4 c5 2. Nf3 e6 3. d4 cxd4 4. Nxd4 Qb6 5. Nb3 Nc6 6. Bd3 Bb4+ 7. N1d2 Nf6 8.
O-O O-O 9. Qe2 Ne5 10. Nf3 Nxd3 11. cxd3 Be7 12. Be3 Qa6 13. Nbd4 d6 14. a4 Bd7
15. b4 Rfc8 16. Qd2 b6 17. b5 Qb7 18. Rfc1 h6 19. h3 e5 20. Ne2 a6 1/2-1/2

[Event "Bundesliga 9899"]
[Site "Deutschland"]
[Date "1998.11.22"]
[Round "4.5"]
[White "Schulze, Ulrich"]
[Black "Polzin, Rainer"]
[Result "1/2-1/2"]
[WhiteElo "2360"]
[BlackElo "2440"]
[PlyCount "39"]
[EventDate "1998.10.17"]
[EventType "team"]
[EventRounds "15"]
[EventCountry "GER"]
[SourceTitle "Bundesliga 9899"]
[Source "DeepChess"]
[SourceDate "2005.01.01"]
[SourceVersion "1"]
[SourceVersionDate "2005.01.01"]
[SourceQuality "1"]
[WhiteTeam "SK Viernheim"]
[BlackTeam "SF Neukoelln 03 e.V."]
[WhiteTeamCountry "GER"]
[BlackTeamCountry "GER"]

1. Nf3 Nf6 2. g3 g6 3. Bg2 Bg7 4. c4 O-O 5. d4 d6 6. O-O Nbd7 7. Qc2 c5 8. Rd1
a6 9. Nc3 Rb8 10. a4 cxd4 11. Nxd4 Qc7 12. a5 Ne5 13. b3 Nc6 14. Bg5 Nxd4 15.
Rxd4 Be6 16. Rdd1 b5 17. axb6 Qxb6 18. Rab1 Rfc8 19. h3 h6 20. Bd2 1/2-1/2

[Event "Bundesliga 9899"]
[Site "Deutschland"]
[Date "1998.11.22"]
[Round "4.6"]
[White "Schoene, Ralf"]
[Black "Schwalfenberg, Joerg"]
[Result "1/2-1/2"]
[WhiteElo "2425"]
[BlackElo "2370"]
[PlyCount "126"]
[EventDate "1998.10.17"]
[EventType "team"]
[EventRounds "15"]
[EventCountry "GER"]
[SourceTitle "Bundesliga 9899"]
[Source "DeepChess"]
[SourceDate "2005.01.01"]
[SourceVersion "1"]
[SourceVersionDate "2005.01.01"]
[SourceQuality "1"]
[WhiteTeam "SF Neukoelln 03 e.V."]
[BlackTeam "SK Viernheim"]
[WhiteTeamCountry "GER"]
[BlackTeamCountry "GER"]

1. Nf3 d5 2. c4 c6 3. e3 Nf6 4. Nc3 e6 5. b3 Nbd7 6. Bb2 Bd6 7. d4 O-O 8. Qc2
Qe7 9. Be2 dxc4 10. bxc4 e5 11. O-O Re8 12. Rfe1 e4 13. Nd2 Nf8 14. f4 exf3 15.
Bxf3 Ne6 16. Nce4 Nxe4 17. Nxe4 Bb4 18. Bc3 Bxc3 19. Qxc3 f5 20. Nd2 Ng5 21. e4
Nxf3+ 22. Qxf3 Qb4 23. Qf2 fxe4 24. Nxe4 Rf8 25. Qe2 Be6 26. Ng5 Bf5 27. Rad1
h6 28. Nf3 Rad8 29. h3 Qc3 30. c5 Qa5 31. Qc4+ Kh8 32. Re7 Rd7 33. Rde1 Qd8 34.
Qe2 Kh7 35. Qe5 Rf7 36. Re8 Qc7 37. Qh2 Rde7 38. Qxc7 Rxc7 39. Ne5 Rfe7 40. Rd8
b6 41. Rf1 Rc8 42. Nxc6 Rxc6 43. Rxf5 bxc5 44. Rxc5 Rf6 45. Rc2 Re1+ 46. Kh2
Rd1 47. Rd7 a6 48. Re2 Rd3 49. d5 Rf5 50. Ra7 Rfxd5 51. Rxa6 Rf5 52. Ra7 Rf6
53. Rb2 h5 54. Ra5 Kh6 55. Rbb5 g6 56. Rd5 Rc3 57. Rd2 Rc1 58. h4 Rff1 59. Rad5
Rh1+ 60. Kg3 Rc4 61. R5d4 Rc3+ 62. R2d3 Rc2 63. a4 Ra1 1/2-1/2

[Event "Bundesliga 9899"]
[Site "Deutschland"]
[Date "1998.11.22"]
[Round "4.7"]
[White "Mandel, Andreas"]
[Black "Thiede, Lars"]
[Result "1-0"]
[WhiteElo "2340"]
[BlackElo "2340"]
[PlyCount "117"]
[EventDate "1998.10.17"]
[EventType "team"]
[EventRounds "15"]
[EventCountry "GER"]
[SourceTitle "Bundesliga 9899"]
[Source "DeepChess"]
[SourceDate "2005.01.01"]
[SourceVersion "1"]
[SourceVersionDate "2005.01.01"]
[SourceQuality "1"]
[WhiteTeam "SK Viernheim"]
[BlackTeam "SF Neukoelln 03 e.V."]
[WhiteTeamCountry "GER"]
[BlackTeamCountry "GER"]

1. d4 Nf6 2. Nf3 g6 3. c4 Bg7 4. g3 O-O 5. Bg2 d6 6. O-O Nbd7 7. Nc3 e5 8. h3
Re8 9. e4 exd4 10. Nxd4 a6 11. Be3 Rb8 12. g4 Ne5 13. b3 c5 14. Nde2 b5 15. f4
Nexg4 16. hxg4 Nxg4 17. Bf2 bxc4 18. bxc4 Be6 19. Qd3 Rb4 20. Rad1 Bxc4 21.
Qxd6 Qxd6 22. Rxd6 Rb2 23. Bf3 h5 24. e5 g5 25. Rfd1 Nxf2 26. Kxf2 gxf4 27. Rd8
Rxd8 28. Rxd8+ Kh7 29. Bd5 Bxe2 30. Nxe2 Bxe5 31. Kf3 Rb6 32. Ke4 Bb8 33. Rf8
Kg6 34. Rxf7 Rb4+ 35. Kf3 Kg5 36. Rb7 Rxb7 37. Bxb7 a5 38. Bc8 Be5 39. Be6 h4
40. Ke4 Bb8 41. Ng1 Kf6 42. Bc8 c4 43. Nf3 c3 44. Kd3 Be5 45. a4 Bd6 46. Kxc3
Bc5 47. Kc4 Bf2 48. Kb5 Ke7 49. Kxa5 Kd6 50. Kb5 Kd5 51. a5 Ke4 52. Ng5+ Kd3
53. a6 Ke2 54. Nh3 Be3 55. Nxf4+ Kf3 56. Nd5 Ba7 57. Kc6 Kg3 58. Kb7 Bc5 59.
Nb6 1-0

[Event "Bundesliga 9899"]
[Site "Deutschland"]
[Date "1998.11.22"]
[Round "4.8"]
[White "Rudolf, Henrik"]
[Black "Grund, Holger"]
[Result "0-1"]
[WhiteElo "2275"]
[BlackElo "2340"]
[PlyCount "84"]
[EventDate "1998.10.17"]
[EventType "team"]
[EventRounds "15"]
[EventCountry "GER"]
[SourceTitle "Bundesliga 9899"]
[Source "DeepChess"]
[SourceDate "2005.01.01"]
[SourceVersion "1"]
[SourceVersionDate "2005.01.01"]
[SourceQuality "1"]
[WhiteTeam "SF Neukoelln 03 e.V."]
[BlackTeam "SK Viernheim"]
[WhiteTeamCountry "GER"]
[BlackTeamCountry "GER"]

1. e4 c6 2. d4 d5 3. exd5 cxd5 4. c4 Nf6 5. Nc3 e6 6. Nf3 Bb4 7. cxd5 exd5 8.
Bb5+ Nc6 9. Ne5 O-O 10. O-O Bd7 11. Bxc6 Bxc6 12. Bg5 h6 13. Bh4 Qd6 14. Qb3
Bxc3 15. bxc3 Nd7 16. Rfe1 Rfe8 17. Bg3 Nxe5 18. dxe5 Qe6 19. Re3 Rac8 20. Rd1
Qf5 21. h3 a6 22. Rd4 Rcd8 23. Qd1 Kh7 24. Rf4 Qe6 25. Qd4 Rd7 26. Rg4 Bb5 27.
Bh4 Rg8 28. a4 Bc4 29. f4 Qf5 30. Kh2 Bb3 31. a5 Bc2 32. Reg3 Qe6 33. Re3 Bf5
34. Rgg3 Rc8 35. Rgf3 Rc4 36. Qa7 d4 37. cxd4 Rdxd4 38. Bg3 Rd2 39. Rc3 Rxc3
40. Rxc3 Be4 41. Bf2 b6 42. Kg1 Qa2 0-1

[Event "Bundesliga 9899"]
[Site "Deutschland"]
[Date "1998.11.22"]
[Round "4.1"]
[White "Jussupow, Artur"]
[Black "Short, Nigel D"]
[Result "1/2-1/2"]
[WhiteElo "2630"]
[BlackElo "2660"]
[PlyCount "75"]
[EventDate "1998.10.17"]
[EventType "team"]
[EventRounds "15"]
[EventCountry "GER"]
[SourceTitle "Bundesliga 9899"]
[Source "DeepChess"]
[SourceDate "2005.01.01"]
[SourceVersion "1"]
[SourceVersionDate "2005.01.01"]
[SourceQuality "1"]
[WhiteTeam "SG 1868 Aljech. Solingen"]
[BlackTeam "SV Castrop Rauxel 1923"]
[WhiteTeamCountry "GER"]
[BlackTeamCountry "GER"]

1. d4 Nf6 2. c4 e6 3. Nc3 Bb4 4. e3 b6 5. Nge2 Ne4 6. Qc2 Bb7 7. a3 Bxc3+ 8.
Nxc3 Nxc3 9. Qxc3 Qh4 10. b4 O-O 11. Bb2 f6 12. Rd1 Be4 13. d5 Re8 14. dxe6
dxe6 15. b5 a6 16. h3 Ra7 17. Rg1 c5 18. g4 Nd7 19. g5 Ne5 20. Be2 Kf7 21. Rg3
Bg6 22. Rd6 axb5 23. cxb5 Rd7 24. gxf6 gxf6 25. Rxd7+ Nxd7 26. Qd2 Ke7 27. Bd3
Nf8 28. Rf3 e5 29. Bxg6 hxg6 30. Qd5 Rd8 31. Qb7+ Rd7 32. Qxb6 Ne6 33. Kf1 Qe4
34. Kg2 Rd6 35. Qa7+ Rd7 36. Qa6 Rd6 37. Qa7+ Rd7 38. Qa6 1/2-1/2

[Event "Bundesliga 9899"]
[Site "Deutschland"]
[Date "1998.11.22"]
[Round "4.2"]
[White "Van der Sterren, Paul"]
[Black "Sadler, Matthew"]
[Result "0-1"]
[WhiteElo "2550"]
[BlackElo "2650"]
[PlyCount "80"]
[EventDate "1998.10.17"]
[EventType "team"]
[EventRounds "15"]
[EventCountry "GER"]
[SourceTitle "Bundesliga 9899"]
[Source "DeepChess"]
[SourceDate "2005.01.01"]
[SourceVersion "1"]
[SourceVersionDate "2005.01.01"]
[SourceQuality "1"]
[WhiteTeam "SV Castrop Rauxel 1923"]
[BlackTeam "SG 1868 Aljech. Solingen"]
[WhiteTeamCountry "GER"]
[BlackTeamCountry "GER"]

1. d4 d5 2. Nf3 Nf6 3. c4 dxc4 4. Nc3 a6 5. e4 b5 6. e5 Nd5 7. a4 Nxc3 8. bxc3
Qd5 9. g3 Bb7 10. Bg2 Qd7 11. Ba3 g6 12. O-O Bg7 13. Nh4 Bxg2 14. Nxg2 Nc6 15.
Bc5 O-O 16. f4 b4 17. Qe2 bxc3 18. Qxc4 Rfd8 19. Ne3 Rab8 20. Rad1 Na5 21. Qxc3
Nb3 22. f5 Nxc5 23. dxc5 Qxa4 24. Nd5 Kh8 25. f6 exf6 26. exf6 Bf8 27. Ra1 Qe4
28. Ne7 Rd3 29. Qc1 Qd4+ 30. Kh1 Rb2 31. Ra4 Rxh2+ 32. Kxh2 Qxa4 33. Qb2 Qg4
34. Qf2 Qg5 35. Qf4 Qxc5 36. Rc1 Qh5+ 37. Kg2 Qe2+ 38. Kh3 Bxe7 39. fxe7 Qxe7
40. Rxc7 Qe6+ 0-1

[Event "Bundesliga 9899"]
[Site "Deutschland"]
[Date "1998.11.22"]
[Round "4.4"]
[White "Seul, Georg"]
[Black "Huebner, Robert"]
[Result "1/2-1/2"]
[WhiteElo "2435"]
[BlackElo "2560"]
[PlyCount "64"]
[EventDate "1998.10.17"]
[EventType "team"]
[EventRounds "15"]
[EventCountry "GER"]
[SourceTitle "Bundesliga 9899"]
[Source "DeepChess"]
[SourceDate "2005.01.01"]
[SourceVersion "1"]
[SourceVersionDate "2005.01.01"]
[SourceQuality "1"]
[WhiteTeam "SV Castrop Rauxel 1923"]
[BlackTeam "SG 1868 Aljech. Solingen"]
[WhiteTeamCountry "GER"]
[BlackTeamCountry "GER"]

1. e4 e5 2. Nc3 Nf6 3. g3 Bc5 4. Bg2 O-O 5. Nf3 d6 6. O-O a6 7. d3 h6 8. Be3
Bxe3 9. fxe3 Be6 10. d4 Bg4 11. dxe5 Bxf3 12. Qxf3 dxe5 13. Rad1 Qe7 14. Nd5
Nxd5 15. exd5 Qd6 16. Bh3 Nd7 17. Bxd7 Qxd7 18. e4 Qd6 19. Qe3 b5 20. a3 Rfd8
21. Rd3 c6 22. Rfd1 cxd5 23. Rxd5 Qc7 24. Qd3 Rxd5 25. Qxd5 Re8 26. c3 g6 27.
Kg2 Kg7 28. Qd7 Qc4 29. Qxe8 Qe2+ 30. Kh3 Qh5+ 31. Kg2 Qe2+ 32. Kh3 Qh5+
1/2-1/2

[Event "Bundesliga 9899"]
[Site "Deutschland"]
[Date "1998.11.22"]
[Round "4.5"]
[White "Piket, Jeroen"]
[Black "Hoffmann, Michael"]
[Result "1/2-1/2"]
[WhiteElo "2575"]
[BlackElo "2430"]
[PlyCount "59"]
[EventDate "1998.10.17"]
[EventType "team"]
[EventRounds "15"]
[EventCountry "GER"]
[SourceTitle "Bundesliga 9899"]
[Source "DeepChess"]
[SourceDate "2005.01.01"]
[SourceVersion "1"]
[SourceVersionDate "2005.01.01"]
[SourceQuality "1"]
[WhiteTeam "SG 1868 Aljech. Solingen"]
[BlackTeam "SV Castrop Rauxel 1923"]
[WhiteTeamCountry "GER"]
[BlackTeamCountry "GER"]

1. d4 Nf6 2. c4 g6 3. Nc3 d5 4. Nf3 Bg7 5. Qb3 dxc4 6. Qxc4 O-O 7. e4 a6 8. Be2
b5 9. Qb3 c5 10. dxc5 Nbd7 11. O-O Bb7 12. e5 Nxc5 13. Qb4 Nfd7 14. Rd1 a5 15.
Qh4 b4 16. Nd5 Bxd5 17. Rxd5 e6 18. Bg5 exd5 19. Bxd8 Rfxd8 20. Rd1 Nxe5 21.
Nxe5 Bxe5 22. Bf3 Bxb2 23. Rxd5 Rxd5 24. Bxd5 Re8 25. g3 Re5 26. Qc4 Ne6 27.
Kg2 Kg7 28. Qc6 Bc3 29. Qd7 Kf6 30. h4 1/2-1/2